| 000 | 00331nam a22001337a 4500 | ||
|---|---|---|---|
| 003 | OSt | ||
| 005 | 20240129160458.0 | ||
| 008 | 240129b |||||||| |||| 00| 0 eng d | ||
| 040 | _c | ||
| 082 | _a540/PAR | ||
| 245 |
_aEngineering Chemistry II _cParadkar,Trupti S |
||
| 260 |
_bNirali Prakashan _c2023 |
||
| 942 |
_2ddc _cBK _k540 _mPAR _n0 |
||
| 999 |
_c36037 _d36037 |
||